| 000 | 00395nam a2200145Ia 4500 | ||
|---|---|---|---|
| 008 | 150201s2010 xx 000 0 und d | ||
| 082 |
_a617.6 _bB2010S |
||
| 100 | _aSAINI HIMANI | ||
| 245 | _aBHATIAS DENTOGIST :MCQS IN DENTISTRY (CLINICAL SCIENCES) | ||
| 250 | _a6TH | ||
| 260 |
_bJAYPEE MEDICAL PUBLISHER _aDELHI _c2010 |
||
| 300 | _a1-750 | ||
| 650 | _aGENERAL DENTISTRY | ||
| 942 |
_2ddc _cBK _02 |
||
| 999 |
_c4463 _d4463 |
||